[Event "14th Vandoeuvre Open 2018"]
[Site "?"]
[Date "2018.01.03"]
[Round "4"]
[White "Keymer, Vincent"]
[Black "Donchenko, Alexander"]
[Result "1-0"]
[WhiteElo "2408"]
[BlackElo "2580"]
[Annotator "TA"]
[PlyCount "77"]
[EventDate "2018.??.??"]
[EventType "swiss"]
[EventCountry "FRA"]
[SourceTitle "Vandoeuvre"]

{[%evp 21,77,3,0,4,12,16,37,27,31,29,27,30,96,86,214,0,215,212,248,248,240,237,221,56,105,27,35,32,32,31,41,10,4,-26,-34,-89,-89,-100,-20,-37,-37,-42,-48,-103,567,564,947,910,29988,29989,29989,29990,29990,29991,29993,29990,29990,12839]} 1. d4 d5 2. c4 dxc4 3. Nf3 Nf6 4. e3 e6 5. Bxc4 c5 6. O-O Nc6 7. Qe2 a6 8. a4 Qc7 9. Nc3 Be7 10. dxc5 Bxc5 11. Bd2 O-O 12. Rac1 {D27: Queen's Gambit Accepted: Classical main line: 7 e4!? and 7 a4} b6 (12... Bd7 13. Bd3 Be7 14. Ne4 Rfc8 15. b4 Qd8 16. Nc5 Bxc5 17. Rxc5 Na7 18. e4 Rxc5 19. bxc5 Bc6 {1-0 (29) Kosic,D (2468)-Nikolic,P (2606) Prijedor 2015}) 13. Bd3 Nb4 $146 ({Predecessor:} 13... Bb7 14. Ne4 Nxe4 15. Bxe4 Qe7 16. Rfd1 Rac8 17. Bc3 Rfd8 18. Rxd8+ Rxd8 19. Rd1 Rxd1+ 20. Qxd1 {½-½ (38) Van Tricht,M (2384)-Larsen,S (2293) ICCF corr 2003}) 14. Ne4 {White is slightly better.} Nxd3 15. Nxf6+ gxf6 16. Qxd3 {Hoping for b4.} a5 (16... Qe7 $11) 17. Qe4 $36 {[%mdl 2048] Keeping Black busy.} Ba6 (17... Ra7 $16) 18. Qg4+ $18 Kh8 19. Qh4 Qd8 20. Rfd1 e5 21. Bxa5 $1 Qe7 {[#]} 22. Bc3 $2 ({Only move:} 22. Rxc5 $1 $18 bxc5 23. Bc7) 22... Rg8 {White should prevent ...Be2.} 23. Ne1 ({Better is} 23. b4 $16 Bd6 24. Ne1) 23... Qe6 $11 24. Qe4 {Threatens to win with b4.} Ra7 25. Qd5 Qg4 26. Qc6 Rg6 27. Rd2 {Black must now prevent b4!} Kg7 $1 {Strongly threatening ...Qc4.} 28. b4 ({White should play} 28. h3 $15 Qc4 29. Nd3) 28... Bb7 $17 29. Qd7 Qh4 (29... Qe4 $17 30. Qh3 Bxb4 31. Bxb4 Qxb4) 30. Qf5 ({But not} 30. bxc5 $2 Bxg2 31. Qf5 (31. Qxa7 {leads to mate.} Bf3+ 32. Ng2 Rxg2+ 33. Kf1 Qc4+ 34. Rd3 Qxd3+ 35. Ke1 Rg1#) 31... Be4+ 32. Qxg6+ hxg6 $19) 30... Bxb4 {aiming for ...Rg5.} 31. Bxb4 Qxb4 32. Rd7 {[#]} (32. Rdd1 $15) 32... Qxa4 $2 {[%mdl 8192]} (32... Bc8 $1 $17 {[%cal Rc8d7]} 33. Qxg6+ hxg6 34. Rxa7 Be6) 33. Qe6 $1 $18 Kh6 34. Qxf7 Qe4 35. Qxh7+ {White mates.} Kg5 36. Nf3+ Kf5 37. Rg7 Qg4 38. Rxg6 Bxf3 39. Rxg4+ {Precision: White = 49%, Black = 31%.} (39. Rg7+ $142 Ke6 40. Qg8+ Kd6 41. Qd8+ Ke6 42. Qg8+ Kd6 43. Qd8+ Ke6 44. Qg8+) 1-0

[Event "14th Vandoeuvre Open 2018"]
[Site "?"]
[Date "2018.01.03"]
[Round "4"]
[White "Keymer, Vincent"]
[Black "Lin, Chen"]
[Result "1/2-1/2"]
[WhiteElo "2408"]
[BlackElo "2485"]
[PlyCount "80"]
[EventDate "2018.??.??"]
[EventType "swiss"]
[EventCountry "FRA"]
[SourceTitle "Vandoeuvre"]
[TimeControl "5400+30"]
[WhiteClock "0:19:15"]
[BlackClock "0:27:04"]

1. d4 {[%emt 0:00:00]} d5 {[%emt 0:03:32]} 2. c4 {[%emt 0:00:00]} c6 {[%emt 0:00:06]} 3. Nf3 {[%emt 0:00:00]} Nf6 {[%emt 0:00:08]} 4. Nc3 {[%emt 0:00:00]} a6 {[%emt 0:00:08]} 5. e3 {[%emt 0:00:09]} Bf5 {[%emt 0:00:10]} 6. Qb3 {[%emt 0:00:05]} Ra7 {[%emt 0:00:34]} 7. Bd2 {[%emt 0:03:18]} e6 {[%emt 0:00:33]} 8. Nh4 {[%emt 0:02:19]} Be4 {[%emt 0:01:03]} 9. f3 {[%emt 0:00:38]} dxc4 {[%emt 0:02:35]} 10. Qxc4 {[%emt 0:07:25]} Bd5 {[%emt 0:02:42]} 11. Nxd5 {[%emt 0:02:16]} cxd5 {[%emt 0:09:06]} 12. Qa4+ {[%emt 0:00:25]} Nc6 {[%emt 0:00:40]} 13. g3 {[%emt 0:00:48]} Be7 {[%emt 0:00:45]} 14. Ng2 {[%emt 0:01:57]} O-O {[%emt 0:00:51]} 15. Be2 {[%emt 0:00:05]} b5 {[%emt 0:08:37]} 16. Qd1 {[%emt 0:00:27]} Qb6 {[%emt 0:02:36]} 17. O-O {[%emt 0:08:29]} Rc7 {[%emt 0:08:03]} 18. Rc1 {[%emt 0:08:31]} Rfc8 {[%emt 0:00:08]} 19. Kh1 {[%emt 0:01:23]} Bd6 {[%emt 0:07:08]} 20. Qe1 {[%emt 0:07:06]} b4 {[%emt 0:03:07]} 21. Nf4 {[%emt 0:07:51]} e5 {[%emt 0:05:16]} 22. dxe5 {[%emt 0:01:07]} Nxe5 {[%emt 0:00:07]} 23. Rxc7 {[%emt 0:04:33]} Rxc7 {[%emt 0:00:26]} 24. Nd3 {[%emt 0:01:43]} Nc4 {[%emt 0:12:18]} 25. Bxb4 {[%emt 0:02:14]} Bxb4 {[%emt 0:00:06]} 26. Qxb4 {[%emt 0:01:48]} Qxb4 {[%emt 0:00:09]} 27. Nxb4 {[%emt 0:00:04]} Nxe3 {[%emt 0:00:05]} 28. Re1 {[%emt 0:07:19]} a5 {[%emt 0:00:28]} 29. Bb5 {[%emt 0:01:57]} axb4 {[%emt 0:07:50]} 30. Rxe3 {[%emt 0:00:12]} d4 {[%emt 0:07:26]} 31. Rd3 {[%emt 0:04:31]} Rc1+ {[%emt 0:00:29]} 32. Kg2 {[%emt 0:00:06]} Rc2+ {[%emt 0:00:05]} 33. Kg1 {[%emt 0:01:31]} Rc1+ {[%emt 0:02:13]} 34. Kf2 {[%emt 0:00:13]} Rc2+ {[%emt 0:00:05]} 35. Ke1 {[%emt 0:00:40]} Rxb2 {[%emt 0:00:07]} 36. Rxd4 {[%emt 0:00:03]} g5 {[%emt 0:00:37]} 37. Rd2 {[%emt 0:01:32]} Rb1+ {[%emt 0:00:16]} 38. Rd1 {[%emt 0:00:04]} Rb2 {[%emt 0:00:04]} 39. Rd2 {[%emt 0:00:03]} Rb1+ {[%emt 0:00:03]} 40. Rd1 {[%emt 0:00:04]} Rb2 {[%emt 0:00:03]} 1/2-1/2

[Event "14th Vandoeuvre Open 2018"]
[Site "?"]
[Date "2018.01.03"]
[Round "4"]
[White "Song, Julien"]
[Black "Kryakvin, Dmitry"]
[Result "0-1"]
[WhiteElo "2340"]
[BlackElo "2580"]
[Annotator "TA"]
[PlyCount "82"]
[EventDate "2018.??.??"]
[EventType "swiss"]
[EventCountry "FRA"]
[SourceTitle "Vandoeuvre"]

{[%evp 9,82,-44,-37,-41,-32,-41,-18,-30,-20,-23,-37,-35,0,-10,3,5,11,0,20,12,12,17,13,15,13,13,11,11,17,18,14,19,22,-39,-30,-43,-16,-125,-136,-110,-118,-204,-182,-202,-196,-199,-180,-198,-183,-292,-289,-318,-296,-303,-297,-269,-178,-175,-128,-126,-125,-187,-124,-293,-246,-458,-229,-702,-638,-620,-608,-2716,-2499,-2294,-2125]} 1. Nf3 d5 2. c4 d4 3. b4 Bg4 4. Qa4+ (4. Qb3 Nf6 5. g3 Bxf3 6. Qxf3 c6 7. Bg2 e5 8. Qb3 Nbd7 9. O-O a5 10. b5 Nc5 11. Qd1 Rc8 {1-0 (49) Svidler,P (2765)-Zhigalko,S (2641) Riadh 2017}) 4... c6 5. Qb3 Bxf3 6. Qxf3 {A09: Réti Opening: 1 Nf3 d5 2 c4} e5 7. a3 $146 ({Predecessor:} 7. Qb3 Nf6 8. d3 a5 9. b5 a4 10. Qb2 a3 11. Qb3 Nbd7 12. bxc6 bxc6 {0-1 (38) Moroni,L (2287)-Guliyev,N (2559) Montigny le Bretonneux 2013}) 7... Nf6 8. d3 {The position is equal.} Nbd7 {With the idea ...a5.} 9. Nd2 a5 10. b5 Rc8 11. g3 Nc5 12. Bh3 Rc7 13. Rb1 Bd6 14. Nb3 cxb5 {...Nxb3 is the strong threat.} 15. Nxc5 Rxc5 16. Rxb5 Rxb5 17. cxb5 Qb6 18. a4 Bb4+ 19. Kf1 O-O 20. Bg5 Ne8 $1 {[%cal Bf6e8,Be8c7,Bc7d5,Bd5c3][%mdl 32]} 21. Qd5 (21. Kg2 $11) 21... Nc7 $1 $36 {[%cal Rc7d5][%mdl 2048] Black is pushing.} 22. Qd7 Qc5 {Strongly threatening ...h6.} 23. Bd8 (23. Kg2 $11 {keeps the balance.}) 23... Qd5 $17 24. Qxd5 Nxd5 25. Bg5 (25. e4 $17) 25... Nc3 26. Kg2 Nxa4 27. Bg4 Nc3 28. Bd2 b6 (28... Nxb5 29. Bxb4 axb4 30. Rb1 $17) 29. Bxc3 (29. e3 $142) 29... dxc3 $19 {[%mdl 4096] Endgame KRB-KRB} ({Don't play} 29... Bxc3 30. Rc1 $19) 30. Rc1 a4 {Hoping for ...a3.} 31. Bf3 Rc8 {White must now prevent ...a3.} 32. Bc6 Rc7 33. Rc2 a3 34. Kf3 f5 35. Ra2 (35. e3 $17) 35... Kf7 (35... Kf8 $19 36. e3 Ra7) 36. Bd5+ $2 (36. e3 $17) 36... Kf6 37. Rc2 $2 {[#]} (37. Bb3) 37... Rc5 (37... e4+ $142 $1 {[%mdl 512]} 38. Ke3 (38. dxe4 Ke5) 38... Ke5 39. dxe4 fxe4 40. Bxe4 Bc5+ 41. Kd3 Rd7+ 42. Kxc3 Kxe4) 38. Bc4 $2 {[#]} (38. Ba2) 38... e4+ $1 {[%mdl 512] Black is clearly winning.} 39. Kg2 (39. dxe4 Rxc4) 39... Ke5 {aiming for ...Rxc4!} 40. Kf1 Rxc4 41. dxc4 Kd4 {Precision: White = 43%, Black = 50%.} 0-1

[Event "14th Vandoeuvre Open 2018"]
[Site "?"]
[Date "2018.01.03"]
[Round "4"]
[White "Stephan, Victor"]
[Black "Maiorov, Nikita"]
[Result "0-1"]
[WhiteElo "2330"]
[BlackElo "2547"]
[Annotator "TA"]
[PlyCount "122"]
[EventDate "2018.??.??"]
[EventType "swiss"]
[EventCountry "FRA"]
[SourceTitle "Vandoeuvre"]

{[%evp 25,122,28,43,24,25,9,24,0,24,-5,-8,-7,11,-7,0,-5,30,28,41,35,35,39,39,39,37,25,41,6,0,0,3,0,0,-1,0,0,0,-16,-8,-39,-15,-15,-15,-19,0,0,0,-37,-30,-27,-36,-89,-95,-176,-151,-159,-160,-259,-253,-255,-230,-241,-231,-241,-299,-452,-449,-448,-430,-379,-276,-262,0,-399,-399,-383,-383,-362,-278,-238,-221,-214,-209,-247,-257,-252,-244,-234,-241,-1524,-1406,-2759,-1152,-1063,-985,-712,-411,-29977,-29977]} 1. d4 Nf6 2. c4 e6 3. Nc3 d5 4. cxd5 exd5 5. Bg5 Be7 6. e3 c6 7. Bd3 Nbd7 8. Nf3 O-O 9. O-O Re8 10. Qc2 Nf8 11. h3 Be6 12. Ne5 N6d7 {D36: Damengambit (Abtauschvariante)} 13. Bxe7 Rxe7 {LiveBook: 19 Partien} (13... Qxe7 14. f4 f6 15. Nf3 Nb6 16. Rae1 Rad8 17. Qf2 Nc8 18. f5 Bf7 19. e4 dxe4 20. Nxe4 {½-½ (52) Gajewski,G (2634)-Korneev,O (2637) Warsaw 2013}) 14. Nxd7 (14. Nf3 {looks sharper.} Re8 15. Qb3 Rb8 16. Qa3 a6 17. Qd6) 14... Qxd7 {Weiß hat minimalen Vorteil.} 15. Rad1 $146 ({Vorgänger:} 15. b4 Rc8 16. Rfc1 Ng6 17. a4 Nh4 18. Qe2 g6 19. Qf1 Rce8 20. e4 dxe4 21. Nxe4 Qxd4 22. Rc4 Bxc4 {0-1 (22) Fernandez,J (2046)-Mussanti,D (2327) Mar del Plata 2009}) 15... Rae8 16. Rfe1 Qd6 17. Bf5 Bxf5 18. Qxf5 Qh6 19. Ne2 Ng6 20. Ng3 Qh4 21. b4 Re6 22. b5 Qd8 23. bxc6 Rxc6 24. Rb1 Ne7 25. Qd3 Qc7 26. Nf5 g6 27. Nxe7+ Rxe7 28. Qa3 b6 29. Rec1 Ree6 {[%cal Be7e6,Be6c6,Bc6c3][%mdl 32]} 30. Rxc6 Rxc6 $11 {[%mdl 4096] Endspiel KDT-KDT} 31. g3 Kg7 32. Kg2 Rc3 33. Qb4 Rc2 34. Rb2 Rc1 35. Rb1 Rc3 36. Rb3 Rc4 37. Qb5 Qd6 38. Qe8 (38. Rb1 $15) 38... Rc2 $17 {Droht stark ...Df6.} 39. Kg1 (39. Kf1 $17) 39... Qf6 40. f4 Rxa2 41. Rc3 (41. Qe5 $17 {war angesagt.}) 41... Qf5 $40 {[%mdl 128] Schwarz greift entschieden an.} 42. Qe5+ Kh6 $1 {( -> ...Db1+)} 43. Qxf5 gxf5 {KT-KT} 44. Rc7 {[#]} Kg7 $1 45. Rd7 (45. Kf1 $142 a5 46. Rb7) 45... a5 46. Rb7 Rb2 47. Ra7 Re2 48. Ra6 Rb2 $2 ({Günstiger ist} 48... Rxe3 $19 49. Rxb6 Rxg3+ 50. Kh2 Rf3) 49. g4 $2 {[%mdl 8192]} (49. Ra7 $11) 49... fxg4 50. hxg4 Kg6 51. Ra7 Kf6 52. Kf1 h6 53. Ke1 Kg7 54. Ra6 Rb4 55. Kd2 {[#]} a4 $1 {[%cal Ba5a4,Ba4a3][%mdl 32]} 56. Kc2 b5 57. Rd6 $2 (57. Ra8) 57... a3 58. Ra6 Rb2+ (58... Ra4 $142 59. Rxa4 bxa4) 59. Kc1 b4 60. Ra4 Rg2 {zielt auf ...a2 ab.} 61. Rxb4 (61. Kb1 $19 Rxg4 62. Rxb4) 61... Rg1+ {Precision: Weiß = 32%, Schwarz = 50%.} 0-1

[Event "14th Vandoeuvre Open 2018"]
[Site "?"]
[Date "2018.01.03"]
[Round "4"]
[White "Duquesne, Adrien"]
[Black "Fedorchuk, Sergey A"]
[Result "0-1"]
[WhiteElo "2180"]
[BlackElo "2638"]
[Annotator "TA"]
[PlyCount "68"]
[EventDate "2018.??.??"]
[EventType "swiss"]
[EventCountry "FRA"]
[SourceTitle "Vandoeuvre"]

{[%evp 18,68,-18,-26,0,-36,-29,-50,-40,-60,-60,-68,-59,-63,-68,-65,-71,-50,-48,-70,-78,-182,-162,-199,-197,-252,-209,-390,-380,-388,-385,-468,-471,-963,-922,-825,-632,-699,-310,-278,-309,-631,-645,-627,-610,-610,-586,-553,-509,-593,-572,-29982,-29983]} 1. d4 Nf6 2. c4 e6 3. Nf3 Bb4+ 4. Bd2 c5 5. g3 Qb6 6. Bg2 Nc6 {E11: Bogo-Indian} 7. d5 exd5 8. cxd5 Nxd5 9. O-O Nde7 10. e4 {LiveBook: 5 Games} Bxd2 $146 ({Predecessor:} 10... d6 11. Bxb4 Qxb4 12. Qxd6 O-O 13. Nc3 Bg4 14. a3 Qa5 15. b4 cxb4 16. Nd5 Nxd5 17. exd5 {½-½ (17) Ghaem Maghami,E (2609)-Vignesh,N (2430) Abu Dhabi 2015}) 11. Qxd2 (11. Nbxd2 $5 {[%cal Rd2c4]} Qc7 12. Nc4 $11) 11... O-O 12. Nc3 d6 13. Qxd6 Rd8 14. Qf4 Qxb2 15. Nd5 Nxd5 16. exd5 Rxd5 17. Ng5 Rf5 18. Rae1 {[%cal Re1e8] [#]} Ne5 19. Qh4 (19. Qe3 $17) 19... h6 $19 20. Ne4 Be6 ({Avoid the trap} 20... Qxa2 $2 21. Qd8+ Kh7 22. Nd6 $18) 21. Rb1 (21. Nd6 $142 Nf3+ 22. Bxf3 Rxf3 23. Qe7) 21... Qd4 22. Rfd1 $2 (22. Qe7) 22... Nd3 23. Rd2 c4 {[%cal Bc5c4,Bc4c3][%mdl 32]} 24. Qe7 Re5 25. Nd6 (25. Qh4 $142 Kh8 26. Rc2) 25... c3 26. Rc2 Bd5 27. Qd7 Re1+ (27... Bxg2 $142 28. Qxf7+ Kh8 29. Kxg2 Qxd6 30. Rxb7 Qc6+ 31. Kh3 {[#]} Nf4+ $1 {[%mdl 512]} 32. Qxf4 Rh5+ 33. Kg4 Qg6+ 34. Kf3 Rf5 35. Rxc3 Qh5+ 36. Kg2 Rxf4) 28. Rxe1 Nxe1 29. Nf5 $2 (29. Nc8 Nxc2 30. Bxd5 Qd1+ 31. Kg2 Ne3+ 32. fxe3 Qe2+ 33. Kg1 Qxe3+ 34. Kf1 Qd3+ 35. Kg2) 29... Qd1 {[%csl Gd5][%cal Re1g2]} 30. Bxd5 Nxc2+ 31. Kg2 Ne1+ 32. Kf1 Nd3+ 33. Kg2 Qh5 34. Bf3 Ne1+ {Precision: White = 15%, Black = 68%.} 0-1

[Event "14th Vandoeuvre Open 2018"]
[Site "?"]
[Date "2018.01.03"]
[Round "4"]
[White "Ronce, Nathan"]
[Black "Donchenko, Alexander"]
[Result "0-1"]
[WhiteElo "2178"]
[BlackElo "2580"]
[Annotator "TA"]
[PlyCount "80"]
[EventDate "2018.??.??"]
[EventType "swiss"]
[EventCountry "FRA"]
[SourceTitle "Vandoeuvre"]

{[%evp 20,80,52,46,54,47,103,102,150,154,155,149,149,137,143,141,145,148,144,134,145,147,151,150,145,121,159,139,172,112,122,111,103,113,153,101,107,110,99,99,115,112,110,82,79,60,147,58,75,24,24,14,19,0,0,0,0,0,4,-1776,-1800,-1754,-1669]} 1. e4 c5 2. Nf3 d6 3. d4 cxd4 4. Qxd4 Nc6 5. Bb5 Bd7 6. Bxc6 Bxc6 7. Bg5 h6 8. Bh4 e5 9. Qd3 g5 10. Bg3 Nf6 11. Nc3 Be7 {B53: Sicilian: 2...d6: Lines with Qxd4} (11... Qa5 12. O-O-O Be7 13. Kb1 Rc8 14. Nd2 b5 15. Nb3 Qb6 16. h4 Rg8 17. hxg5 hxg5 18. Nd5 Bxd5 19. exd5 {1-0 (34) Sanchez,J (2483)-Oger,C (1996) Elancourt 2009}) 12. Nd2 Qb6 (12... a6 $14) 13. O-O-O Rc8 $146 {White is better.} ({Predecessor:} 13... O-O-O 14. Kb1 Kb8 15. Nc4 Qc5 16. Ne3 Rhe8 17. Nf5 Bf8 {1-0 (30) Ikonomopoulou,M (2121)-Jalaghonia,N (1562) Tbilisi 2011}) 14. Nc4 Qc5 15. Nxd6+ Bxd6 16. Qxd6 Nxe4 {[#]} 17. Qxc5 $1 ({Much less strong is} 17. Qxe5+ $6 Qxe5 18. Bxe5 O-O $14) 17... Nxc5 18. Bxe5 Rg8 19. f3 Rg6 20. Rhe1 Re6 21. Bd4 Nd7 22. b3 Ke7 23. Kb2 h5 24. Ne4 (24. Ne2 $18) 24... Bxe4 $16 25. Rxe4 Rxe4 26. fxe4 {[%mdl 4096] Endgame KRB-KRN} Rc6 27. Re1 (27. Bxa7 $142 b6 28. Rd5) 27... a6 28. c4 Re6 29. e5 Rg6 30. Kc3 Ke6 31. Kd3 g4 32. Ke4 Rg8 ({Black should play} 32... Rg5 $14) 33. a4 (33. Rd1 $16) 33... Rg5 $14 34. Kf4 (34. Rd1 $16) 34... Rf5+ $11 35. Kg3 Nf8 36. Re2 Ng6 {[#] ...Rf4 is the strong threat.} 37. Rf2 Rxf2 38. Kxf2 Nxe5 39. Bxe5 $2 {[%mdl 8192]} (39. Ke3 $11) 39... Kxe5 $19 40. Ke3 a5 {Precision: White = 40%, Black = 51%.} 0-1

[Event "14th Vandoeuvre Open 2018"]
[Site "?"]
[Date "2018.01.03"]
[Round "4"]
[White "Tay, Shi Hao"]
[Black "Riou Durand, Lionel"]
[Result "0-1"]
[WhiteElo "2038"]
[BlackElo "1898"]
[PlyCount "94"]
[EventDate "2018.??.??"]
[EventType "swiss"]
[EventCountry "FRA"]
[SourceTitle "Vandoeuvre"]
[TimeControl "5400+30"]
[WhiteClock "0:02:57"]
[BlackClock "0:01:07"]

1. e4 {[%emt 0:03:19]} e6 {[%emt 0:00:00]} 2. d4 {[%emt 0:00:43]} d5 {[%emt 0:00:00]} 3. Nd2 {[%emt 0:00:33]} Nf6 {[%emt 0:00:00]} 4. e5 {[%emt 0:00:40]} Nfd7 {[%emt 0:00:11]} 5. f4 {[%emt 0:00:13]} c5 {[%emt 0:00:47]} 6. c3 {[%emt 0:00:13]} Nc6 {[%emt 0:00:36]} 7. Ndf3 {[%emt 0:00:11]} cxd4 {[%emt 0:01:47]} 8. cxd4 {[%emt 0:01:25]} Nb6 {[%emt 0:03:21]} 9. Ne2 {[%emt 0:01:52]} Bd7 {[%emt 0:01:50]} 10. g3 {[%emt 0:00:29]} a5 {[%emt 0:01:11]} 11. Bh3 {[%emt 0:00:48]} a4 {[%emt 0:03:04]} 12. O-O {[%emt 0:00:52]} g6 {[%emt 0:05:26]} 13. g4 {[%emt 0:07:54]} h5 {[%emt 0:00:14]} 14. Ng5 {[%emt 0:04:01]} hxg4 {[%emt 0:05:27]} 15. Bxg4 {[%emt 0:02:05]} Nc4 {[%emt 0:01:27]} 16. Qd3 {[%emt 0:17:09]} Nb4 {[%emt 0:17:07]} 17. Qg3 {[%emt 0:06:57]} Qb6 {[%emt 0:05:50]} 18. Qf2 {[%emt 0:29:51]} Nd3 {[%emt 0:10:38]} 19. Qf3 {[%emt 0:02:57]} Ndxb2 {[%emt 0:04:16]} 20. Bxb2 {[%emt 0:05:09]} Nxb2 {[%emt 0:00:32]} 21. f5 {[%emt 0:00:34]} gxf5 {[%emt 0:01:29]} 22. Bh5 {[%emt 0:00:43]} O-O-O {[%emt 0:07:26]} 23. Nxf7 {[%emt 0:00:52]} Rxh5 {[%emt 0:07:43]} 24. Qxh5 {[%emt 0:00:20]} Be8 {[%emt 0:00:05]} 25. Rfc1+ {[%emt 0:03:51]} Nc4 {[%emt 0:02:13]} 26. Rab1 {[%emt 0:02:20]} Qc7 {[%emt 0:01:03]} 27. Nd6+ {[%emt 0:05:05]} Bxd6 {[%emt 0:00:07]} 28. Qh6 {[%emt 0:00:20]} Ba3 {[%emt 0:02:28]} 29. Rc3 {[%emt 0:00:48]} Bd7 {[%emt 0:03:08]} 30. Kh1 {[%emt 0:00:26]} Re8 {[%emt 0:02:55]} 31. Nf4 {[%emt 0:01:05]} Kb8 {[%emt 0:01:14]} 32. Nh5 {[%emt 0:00:53]} Qa5 {[%emt 0:01:13]} 33. Rc2 {[%emt 0:00:31]} Be7 {[%emt 0:04:31]} 34. Nf6 {[%emt 0:00:55]} Bxf6 {[%emt 0:02:42]} 35. exf6 {[%emt 0:00:01]} Qd8 {[%emt 0:00:54]} 36. Rg1 {[%emt 0:00:27]} Rf8 {[%emt 0:00:35]} 37. Rg6 {[%emt 0:00:26]} Nd6 {[%emt 0:00:59]} 38. Qf4 {[%emt 0:00:43]} Qb6 {[%emt 0:01:21]} 39. Rc1 {[%emt 0:00:33]} Ka7 {[%emt 0:00:27]} 40. Rg7 {[%emt 0:00:41]} Bb5 {[%emt 0:01:40]} 41. Rg6 {[%emt 0:00:41]} Ne4 {[%emt 0:00:45]} 42. Qe5 {[%emt 0:00:26]} Nf2+ {[%emt 0:00:16]} 43. Kg2 {[%emt 0:00:15]} Nd3 {[%emt 0:00:14]} 44. Qc7 {[%emt 0:01:09]} Qxc7 {[%emt 0:00:27]} 45. Rxc7 {[%emt 0:00:05]} Nf4+ {[%emt 0:00:05]} 46. Kf3 {[%emt 0:00:09]} Nxg6 {[%emt 0:00:06]} 47. f7 {[%emt 0:00:43]} Kb6 {[%emt 0:00:43]} 0-1

[Event "14th Vandoeuvre Open 2018"]
[Site "?"]
[Date "2018.01.03"]
[Round "4"]
[White "Pillard, Valentin"]
[Black "Faivre, Pierre Alix"]
[Result "1/2-1/2"]
[WhiteElo "1967"]
[BlackElo "1742"]
[PlyCount "78"]
[EventDate "2018.??.??"]
[EventType "swiss"]
[EventCountry "FRA"]
[SourceTitle "Vandoeuvre"]
[TimeControl "5400+30"]
[WhiteClock "0:02:40"]
[BlackClock "0:30:20"]

1. d4 {[%emt 0:00:00]} Nf6 {[%emt 0:00:00]} 2. c4 {[%emt 0:00:00]} g6 {[%emt 0:00:31]} 3. Nc3 {[%emt 0:00:00]} Bg7 {[%emt 0:00:51]} 4. e4 {[%emt 0:00:00]} d6 {[%emt 0:00:12]} 5. h3 {[%emt 0:00:31]} O-O {[%emt 0:01:24]} 6. Bg5 {[%emt 0:01:42]} Nbd7 {[%emt 0:12:02]} 7. Qd2 {[%emt 0:01:19]} c5 {[%emt 0:04:28]} 8. d5 {[%emt 0:00:42]} Qc7 {[%emt 0:08:46]} 9. Rd1 {[%emt 0:02:16]} a6 {[%emt 0:05:49]} 10. a4 {[%emt 0:00:54]} b6 {[%emt 0:00:58]} 11. Be2 {[%emt 0:04:18]} Bb7 {[%emt 0:00:43]} 12. h4 {[%emt 0:00:30]} h5 {[%emt 0:01:44]} 13. f3 {[%emt 0:10:33]} Ne5 {[%emt 0:01:22]} 14. Nh3 {[%emt 0:00:51]} Rfe8 {[%emt 0:01:17]} 15. f4 {[%emt 0:01:18]} Neg4 {[%emt 0:00:53]} 16. f5 {[%emt 0:00:07]} Kh7 {[%emt 0:23:16]} 17. fxg6+ {[%emt 0:00:56]} fxg6 {[%emt 0:00:11]} 18. Nf4 {[%emt 0:05:53]} Bc8 {[%emt 0:00:22]} 19. Ne6 {[%emt 0:01:22]} Bxe6 {[%emt 0:00:36]} 20. dxe6 {[%emt 0:00:01]} Ne5 {[%emt 0:04:29]} 21. O-O {[%emt 0:03:08]} Qc8 {[%emt 0:07:40]} 22. Bxf6 {[%emt 0:01:52]} exf6 {[%emt 0:02:06]} 23. e7 {[%emt 0:13:22]} Qe6 {[%emt 0:12:03]} 24. Nd5 {[%emt 0:00:17]} Ra7 {[%emt 0:01:14]} 25. Nxb6 {[%emt 0:04:51]} Rb7 {[%emt 0:02:28]} 26. Nd5 {[%emt 0:00:43]} Nc6 {[%emt 0:02:18]} 27. Qf4 {[%emt 0:07:22]} f5 {[%emt 0:03:35]} 28. exf5 {[%emt 0:01:24]} Qxe2 {[%emt 0:00:57]} 29. f6 {[%emt 0:01:41]} Bh6 {[%emt 0:01:32]} 30. Qxd6 {[%emt 0:00:36]} Nxe7 {[%emt 0:00:35]} 31. fxe7 {[%emt 0:00:39]} Rxb2 {[%emt 0:00:13]} 32. Rf7+ {[%emt 0:05:30]} Bg7 {[%emt 0:00:01]} 33. Rxg7+ {[%emt 0:00:07]} Kh8 {[%emt 0:00:40]} 34. Qxg6 {[%emt 0:03:21]} Qf2+ {[%emt 0:00:16]} 35. Kh1 {[%emt 0:00:48]} Qxh4+ {[%emt 0:00:11]} 36. Kg1 {[%emt 0:00:04]} Qf2+ {[%emt 0:00:29]} 37. Kh1 {[%emt 0:00:02]} Qh4+ {[%emt 0:00:10]} 38. Kg1 {[%emt 0:00:00]} Qf2+ {[%emt 0:00:19]} 39. Kh1 {[%emt 0:00:10]} Qh4+ {[%emt 0:00:09]} 1/2-1/2

[Event "14th Vandoeuvre Open 2018"]
[Site "?"]
[Date "2018.01.03"]
[Round "4"]
[White "Roussey, Quentin"]
[Black "Hornet, Nicolas"]
[Result "0-1"]
[WhiteElo "1966"]
[BlackElo "1633"]
[PlyCount "76"]
[EventDate "2018.??.??"]
[EventType "swiss"]
[EventCountry "FRA"]
[SourceTitle "Vandoeuvre"]
[TimeControl "5400+30"]
[WhiteClock "1:00:04"]
[BlackClock "0:02:33"]

1. e4 {[%emt 0:00:00]} d5 {[%emt 0:00:00]} 2. exd5 {[%emt 0:00:07]} Nf6 {[%emt 0:00:00]} 3. d4 {[%emt 0:02:48]} Bg4 {[%emt 0:00:32]} 4. Bb5+ {[%emt 0:08:37]} Nbd7 {[%emt 0:00:56]} 5. f3 {[%emt 0:01:03]} Bf5 {[%emt 0:00:05]} 6. c4 {[%emt 0:00:56]} a6 {[%emt 0:00:07]} 7. Bxd7+ {[%emt 0:03:29]} Qxd7 {[%emt 0:00:02]} 8. Ne2 {[%emt 0:08:42]} e6 {[%emt 0:00:30]} 9. dxe6 {[%emt 0:02:17]} Qxe6 {[%emt 0:00:06]} 10. Qa4+ {[%emt 0:03:22]} Nd7 {[%emt 0:03:27]} 11. Nbc3 {[%emt 0:06:54]} O-O-O {[%emt 0:01:50]} 12. c5 {[%emt 0:16:57]} Bxc5 {[%emt 0:10:27]} 13. dxc5 {[%emt 0:05:34]} Nxc5 {[%emt 0:00:38]} 14. Qa5 {[%emt 0:10:45]} Nd3+ {[%emt 0:00:59]} 15. Kf1 {[%emt 0:00:13]} Rhe8 {[%emt 0:06:14]} 16. Bf4 {[%emt 0:12:51]} Nxf4 {[%emt 0:00:50]} 17. Nxf4 {[%emt 0:00:11]} Qc4+ {[%emt 0:00:29]} 18. Nce2 {[%emt 0:06:56]} Bd3 {[%emt 0:03:22]} 19. Nxd3 {[%emt 0:00:32]} Qxd3 {[%emt 0:02:50]} 20. Re1 {[%emt 0:00:10]} Qe3 {[%emt 0:02:41]} 21. Qc3 {[%emt 0:03:07]} Rd3 {[%emt 0:00:43]} 22. Qxg7 {[%emt 0:03:44]} Rd1 {[%emt 0:02:02]} 23. Qg4+ {[%emt 0:01:17]} Kb8 {[%emt 0:00:37]} 24. f4 {[%emt 0:00:10]} Rxe1+ {[%emt 0:00:45]} 25. Kxe1 {[%emt 0:00:02]} Qc1+ {[%emt 0:00:08]} 26. Kf2 {[%emt 0:00:20]} Qxh1 {[%emt 0:01:03]} 27. h3 {[%emt 0:01:53]} Qd1 {[%emt 0:01:13]} 28. Qf3 {[%emt 0:00:30]} Qc2 {[%emt 0:01:03]} 29. Kf1 {[%emt 0:00:32]} Qb1+ {[%emt 0:00:28]} 30. Kf2 {[%emt 0:00:04]} Qxb2 {[%emt 0:00:10]} 31. a3 {[%emt 0:00:14]} c5 {[%emt 0:00:37]} 32. Qd3 {[%emt 0:00:41]} Kc7 {[%emt 0:01:06]} 33. Kf3 {[%emt 0:00:22]} Rxe2 {[%emt 0:01:11]} 34. Qxe2 {[%emt 0:00:12]} Qxe2+ 35. Kxe2 {[%emt 0:00:06]} Kd6 {[%emt 0:00:39]} 36. Kd3 {[%emt 0:00:19]} Kd5 {[%emt 0:00:39]} 37. g4 {[%emt 0:00:19]} c4+ {[%emt 0:00:12]} 38. Kc3 {[%emt 0:00:11]} b5 {[%emt 0:00:15]} 0-1